|
|
|
|
| LEADER |
01291nam a2200337Ia 4500 |
| 001 |
33186 |
| 003 |
BD-DhAAL |
| 005 |
20180607112502.0 |
| 008 |
180607t2000 nyua b 001 0 eng d |
| 999 |
|
|
|c 39346
|d 39346
|
| 020 |
|
|
|a 0385495323 (pbk.) :
|c $14.00
|
| 020 |
|
|
|a 9780385495325
|
| 035 |
|
|
|a MITb10960003
|
| 035 |
|
|
|a (OCoLC)45010734
|
| 040 |
|
|
|a TXL
|c TXL
|d FPJ
|d MYG
|d BD-DhAAL
|
| 049 |
|
|
|a MYGG
|
| 082 |
|
|
|a 652.809
|2 21
|
| 090 |
|
|
|a Z103
|b .S56 2000
|
| 100 |
1 |
|
|a Singh, Simon
|9 26189
|
| 245 |
1 |
4 |
|a The code book :
|b the science of secrecy from ancient Egypt to quantum cryptography /
|c Simon Singh
|
| 250 |
|
|
|a First Anchor Books edition
|
| 260 |
|
|
|a New York :
|b Anchor Books,
|c 2000
|
| 300 |
|
|
|a xvii, 411 pages :
|b illustrations, map ;
|c 20 cm.
|
| 504 |
|
|
|a Includes bibliographical references (pages 397-402) and index.
|
| 526 |
|
|
|a MNS
|
| 541 |
|
|
|a STS International
|e 33186
|
| 650 |
|
0 |
|a Cryptography
|x History
|9 26190
|
| 650 |
|
0 |
|a Data encryption (Computer science)
|x History
|9 26191
|
| 852 |
|
|
|a Ayesha Abed Library
|c General Stacks
|
| 942 |
|
|
|2 ddc
|c BK
|
| 952 |
|
|
|0 0
|1 0
|2 ddc
|4 0
|6 652_809000000000000_SIN
|7 0
|9 63499
|a BRACUL
|b BRACUL
|c GEN
|d 2018-06-05
|e STS International
|g 1500.00
|l 8
|m 85
|o 652.809 SIN
|p 3010033186
|q 2026-05-20
|r 2025-11-04
|s 2025-11-04
|t 1
|v 1500.00
|w 2018-06-05
|y BK
|